000 00980nam a2200277Ia 4500
003 OSt
005 20220923211611.0
006 a|||||r|||| 00| 0
007 ta
008 220922b |||||||| |||| 00| 0 hin d
020 _a9789389389029 (hbk)
_c495
024 _a354,167
037 _b314, 29/12/2021, Hans Prakashan
_cTextual
040 _aARTS
_cARTS
_bhin
041 _2hin
_ahin
082 _aO152,1I00:g(Y15), R0
100 _aराय, अनिल, ले.
245 0 _aस्त्री के हक में कबीर
246 _aStrī ke hak mean kabīra
260 _aनई दिल्ली
_b हंस प्रकाशन
_c2020
300 _a126पृ.
_ccm.
650 _a हिन्दी साहित्य
_9156264
650 _aहिन्दी कविता
942 _hO152,1I00:g(Y15), R0
_cTEXL
_2CC
999 _c301259
_d301259